[Event "GER-ch Rapid Amateurs"]
[Site "Dinkelsbuehl"]
[Date "2023.11.11"]
[Round "2"]
[White "Naumann, Lennart"]
[Black "Klein, Rainer"]
[Result "1-0"]
[WhiteElo "1341"]
[BlackElo "1743"]
[PlyCount "41"]
[EventDate "2023.11.11"]
[EventType "swiss (rapid)"]
[EventRounds "9"]
[EventCountry "GER"]
[SourceTitle "CB47_2023"]
[SourceDate "2023.11.22"]
[SourceVersion "1"]
[SourceVersionDate "2023.11.22"]
[SourceQuality "1"]

1. e4 e6 2. d4 d5 3. e5 c5 4. c3 cxd4 5. cxd4 Bb4+ 6. Nc3 Bd7 7. Bd3 Ne7 8. Bg5 h6 9. Bh4 Qa5 10. Rc1 Nbc6 11. Qg4 g5 12. Bg3 0-0-0 13. a3 Bxc3+ 14. Rxc3 Kb8 15. b4 Nxb4 16. axb4 Qxb4 17. Ne2 Rc8 18. Kd2 Rxc3 19. Nxc3 Qb2+ 20. Bc2 Ba4 21. Nxa4 1-0